Bandeira das regiões chilenas - Statistics

Estatísticas Gerais
  • Esse quiz foi jogado 21 vezes
    17 desde o último reset
  • A pontuação média é 7 de 16
Estatísticas das Respostas
Imagem Resposta % Correto
Antofagasta
75%
Biobío
75%
O'higgins
75%
Valparaíso
75%
Arica y parinacota
50%
Magalhães
50%
Maule
50%
Região metropolitana de Santiago
50%
Tarapaca
50%
Aisén
25%
Atacama
25%
Coquimbo
25%
La araucanía
25%
Los lagos
25%
Los rios
25%
Ñuble
25%
Nenhum quiz correspondente encontrado
Distribuição das Pontuações
Porcentagem de Pessoas com Cada Pontuação
Percentil de Números Respondidos
Sua Pontuação Histórica
Você não jogou esse quiz desde o último reset